000 00392nam a2200157Ia 4500
008 131103s9999 xx 000 0 und d
040 _aLoreto College
041 _aEnglish
082 _aCHBK-I/NOA
_bLCBED/13530
245 4 _aThe big boat
_b the story of noah
260 _aMumbai
_bGLS
_c[19?]
300 _a28p
_c 16cm.
650 _aCHBK-I
850 _aLCBED/CHBK-I/NOA
942 _cBK
999 _c31625
_d82104